[Event "le psiloi enragé"]
[Site "http://www.queenalice.com/game.php?id=1195827"]
[Date "2013.6.30"]
[Round "-"]
[White "scoutoujours"]
[Black "Mugo"]
[Result "1-0"]
[WhiteElo "1500"]
[BlackElo "1536"]

1. e4 e5 2. Nf3 Nc6 3. Bb5 d6 4. O-O Bd7 5. d4 exd4 6. Nxd4 Nxd4 7. Bxd7+ Qxd7
8. Qxd4 Be7 9. Nc3 Nf6 10. Bf4 O-O 11. Rfe1 c5 12. Qd2 b5 13. Rad1 b4 14. Nd5
Nxd5 15. Qxd5 Rad8 16. Rd2 g5 17. Bxg5 Bxg5 18. Qxg5+ Kh8 19. Qf6+ Kg8 20. Red1
Qe6 21. Qxe6 fxe6 22. Rxd6 Rxd6 23. Rxd6 Re8 24. e5 Kf7 25. g3 Kg6 26. f4 h5 27.
h4 Kf5 28. Kf2 Rc8 29. Kf3 c4 30. Rd7 a5 31. Rf7+ Kg6 32. Rf6+ Kg7 33. Rxe6 Rd8
34. Rd6 Re8 35. Ke4 Rc8 36. f5 b3 37. axb3 c3 38. bxc3 Rxc3 39. Rd3 Rxc2 40. Re3
Kf7 41. Kf4 Ra2 42. Kg5 Ra3 43. e6+ Ke8 44. Kf4 a4 45. bxa4 Rxa4+ 46. Re4 Ra1
47. Kg5 Rg1 48. g4 hxg4 49. Rxg4 Ra1 50. Kg6 Ra7 51. f6 Kf8 52. Rd4 Rg7+ 53.
fxg7+ Ke7 54. Re4 Ke8 55. g8=Q+ Ke7 56. Qf7+ Kd6 57. Qd7+ Kc5 58. Re1 1-0

[Event "Challenge"]
[Site "http://www.queenalice.com/game.php?id=1196380"]
[Date "2013.7.2"]
[Round "-"]
[White "Cautor"]
[Black "scoutoujours"]
[Result "0-1"]
[WhiteElo "1444"]
[BlackElo "1718"]

1. d4 e6 2. e4 d5 3. e5 c5 4. Nf3 Qb6 5. a4 Bd7 6. a5 Qc7 7. c3 Nc6 8. a6 bxa6
9. Bxa6 cxd4 10. cxd4 Qa5+ 11. Rxa5 Nxa5 12. Na3 Bxa3 13. bxa3 Ne7 14. Bd3 O-O
15. Ng5 Ng6 16. Qh5 h6 17. Nxf7 Ne7 18. Bg6 Nxg6 19. Nd6 Nf4 20. Qf3 Ng6 21. Qg4
Kh7 22. h4 Rab8 23. h5 Nh8 24. O-O Nb3 25. Qd1 Nxc1 26. Qxc1 Nf7 27. Qc7 Nxd6
28. Qxd6 Rfd8 29. Qc7 a6 30. f4 Rbc8 31. Qb6 Bb5 32. Rf2 Re8 33. f5 exf5 34.
Rxf5 Rc6 35. Qb7 Rc1+ 36. Kh2 Rc6 37. Qf7 Rce6 38. Rf6 Rc6 39. e6 Rcc8 40. Rg6
Rg8 41. e7 Be8 42. Rxg7+ Rxg7 43. Qf5+ Kh8 44. Qxc8 Rxe7 45. a4 a5 46. Qd8 Re2
47. Qxa5 Bxh5 48. Qxd5 Be8 49. a5 Bg6 50. a6 Be4 51. Qe6 Rxg2+ 52. Kh3 Re2 53.
a7 Bg2+ 54. Kh2 Rxe6 55. Kxg2 Ra6 56. d5 Rxa7 57. Kf3 Kg8 58. Kf4 Kf8 59. Kf5
Ke8 60. Kg6 Ra6+ 61. Kh5 Kd7 62. d6 Rxd6 63. Kg4 Ke7 64. Kf5 Kf7 65. Kg4 Kg6 0-1

[Event "OS INCLIVEIS"]
[Site "http://www.queenalice.com/game.php?id=1203877"]
[Date "2013.7.30"]
[Round "-"]
[White "adelio"]
[Black "scoutoujours"]
[Result "0-1"]
[WhiteElo "1828"]
[BlackElo "1661"]

1. d4 e6 2. e4 d5 3. e5 c5 4. c4 Qb6 5. Nf3 Nc6 6. Be3 cxd4 7. Nxd4 Nxd4 8. Bxd4
Bc5 9. Bxc5 Qxc5 10. Be2 Ne7 11. O-O dxc4 12. Nc3 b5 13. Qd6 Qxd6 14. exd6 Nf5
15. Nxb5 O-O 16. Bxc4 Bd7 17. Rad1 Rfd8 18. Nc7 Rab8 19. b3 Rb6 20. Rfe1 Nxd6
21. Nxe6 Bxe6 22. Bxe6 fxe6 23. Rxe6 Kf8 24. f3 Nf7 25. Ree1 Rbd6 26. Rc1 Rd2
27. a4 Nd6 28. g4 a5 29. h4 Rd3 30. f4 Rxb3 31. Kg2 Rb4 32. Kg3 Rxa4 33. Re5
Ne4+ 34. Kf3 Nd2+ 35. Kf2 Rxf4+ 36. Kg3 Rf3+ 37. Kg2 Ra3 38. Rce1 Nf3 39. Rf5+
Kg8 40. Rxf3 Rxf3 41. Kxf3 a4 42. Re3 Ra8 43. Ra3 Kf7 44. g5 Ke6 45. Kf4 Kd5 46.
h5 Kc4 47. Re3 Ra7 48. Re4+ Kd5 49. Re5+ Kd6 50. Kf5 Rf7+ 51. Ke4 Re7 52. Rxe7
Kxe7 53. Kd3 a3 54. Kc2 a2 55. Kb2 a1=Q+ 56. Kxa1 Ke6 57. Kb2 Kf5 58. g6 h6 59.
Kc2 Kg5 60. Kd2 Kxh5 61. Ke2 Kxg6 62. Kf3 Kg5 63. Kg3 h5 64. Kh3 g6 65. Kg3 Kh6
66. Kh4 g5+ 67. Kh3 g4+ 68. Kh4 Kg6 69. Kg3 Kg5 70. Kg2 h4 71. Kh2 Kf4 72. Kg2
g3 73. Kh3 Kf3 74. Kxh4 Kf2 75. Kh3 g2 76. Kg4 g1=Q+ 77. Kf5 Qe1 78. Kf4 Qe3+
79. Kf5 Kf3 80. Kf6 Kf4 81. Kf7 Kf5 82. Kg7 Qe7+ 83. Kh8 Kg6 84. Kg8 Qg7# 0-1

[Event "Challenge"]
[Site "http://www.queenalice.com/game.php?id=1205660"]
[Date "2013.8.6"]
[Round "-"]
[White "GastonLagaffe"]
[Black "scoutoujours"]
[Result "1-0"]
[WhiteElo "1447"]
[BlackElo "1814"]

1. b3 d5 2. Bb2 Nc6 3. e3 e5 4. Bb5 f6 5. Nc3 a6 6. Bxc6+ bxc6 7. f4 Bd6 8. fxe5
fxe5 9. g4 Ne7 10. Qf3 Rf8 11. Qh3 h6 12. Qh5+ Rf7 13. O-O-O Kf8 14. g5 Ng8 15.
g6 Qg5 16. Qxg5 hxg5 17. gxf7 Kxf7 18. Rf1+ Ke7 19. h4 g4 20. Nce2 c5 21. Ng3
Nh6 22. e4 Bb7 23. exd5 Bxd5 24. Rh2 g6 25. h5 g5 26. N1e2 Bf3 27. Nc3 Ke6 28.
Nce4 Nf5 29. Nxg5+ Kf6 30. Nxf5 Kxf5 31. Nxf3 gxf3 32. Rxf3+ Ke6 33. Rf1 Rh8 34.
h6 Rh7 35. Rh5 Kd5 36. Rf6 a5 37. d3 a4 38. bxa4 Be7 39. Rxe5# 1-0

[Event "Challenge"]
[Site "http://www.queenalice.com/game.php?id=1205987"]
[Date "2013.8.7"]
[Round "-"]
[White "Mugo"]
[Black "scoutoujours"]
[Result "0-1"]
[WhiteElo "1577"]
[BlackElo "1760"]

1. e4 e5 2. Nf3 Nc6 3. Bb5 a6 4. Ba4 b5 5. Bb3 Nf6 6. d3 Be7 7. Ng5 d5 8. exd5
Nxd5 9. Qf3 Be6 10. Nxe6 fxe6 11. O-O Nd4 12. Qh5+ g6 13. Qxe5 Bf6 14. Qg3 Ne2+
0-1

[Event "The Revenge"]
[Site "http://www.queenalice.com/game.php?id=1207657"]
[Date "2013.8.13"]
[Round "-"]
[White "Mugo"]
[Black "scoutoujours"]
[Result "1-0"]
[WhiteElo "1568"]
[BlackElo "1770"]

1. e4 e5 2. Nf3 Nc6 3. Bb5 a6 4. Ba4 b5 5. Bb3 h6 6. Bd5 Qe7 7. Bxc6 dxc6 8. d3
Nf6 9. O-O c5 10. a4 c6 11. b3 Bg4 12. h3 Bh5 13. g4 Bg6 14. Bb2 Nd7 15. axb5
cxb5 16. Nc3 b4 17. Nd5 Qd6 18. c3 f6 19. cxb4 cxb4 20. Qc1 Bf7 21. Nc7+ Ke7 22.
Nxa8 Kd8 23. Nd2 Qxd3 24. Qc7+ Ke7 25. Rfd1 Qxh3 26. f3 Be6 27. Rxa6 Qg3+ 28.
Kf1 Qh3+ 29. Ke2 Qh2+ 30. Kd3 Kf7 31. Nb6 Bxg4 32. fxg4 Qg3+ 33. Kc2 Kg6 34.
Nxd7 Qxg4 35. Nxe5+ 1-0

[Event "Challenge"]
[Site "http://www.queenalice.com/game.php?id=1207720"]
[Date "2013.8.13"]
[Round "-"]
[White "GastonLagaffe"]
[Black "scoutoujours"]
[Result "0-1"]
[WhiteElo "1456"]
[BlackElo "1755"]

1. d4 d5 2. Nc3 Nf6 3. Nf3 Nc6 4. Ne5 e6 5. a3 Nxe5 6. dxe5 Nd7 7. f4 Be7 8. e4
c6 9. f5 Nxe5 10. fxe6 Bxe6 11. Qh5 Bf6 12. exd5 Bg4 13. dxc6 Bxh5 14. cxb7 Rb8
15. Ba6 O-O 16. Bf4 Re8 17. O-O Qb6+ 18. Kh1 Qxa6 19. Nd5 Rxb7 20. Rae1 Kf8 21.
Nxf6 gxf6 22. Bh6+ Kg8 23. b4 Rbe7 24. g4 Nxg4 25. Rd1 Qc6+ 26. Kg1 Qb6+ 27. Kg2
Nxh6 28. Rxf6 Qxf6 29. Rf1 Re2+ 30. Kg1 Qd4+ 31. Kh1 Qd5+ 32. Kg1 Qg2# 0-1

[Event "Même pas peur!"]
[Site "http://www.queenalice.com/game.php?id=1216498"]
[Date "2013.9.12"]
[Round "-"]
[White "Mugo"]
[Black "scoutoujours"]
[Result "0-1"]
[WhiteElo "1625"]
[BlackElo "1739"]

1. e4 e6 2. Nc3 d5 3. d4 c5 4. dxc5 Bxc5 5. exd5 exd5 6. Qxd5 Qe7+ 7. Be2 Nf6 8.
Qg5 O-O 9. Bf4 Re8 10. Nd5 Nxd5 11. Qxd5 Nc6 12. c3 Be6 13. Qf3 Rad8 14. Qg3 Bd6
15. Nf3 Bxf4 16. Qxf4 Bd5 17. O-O-O Qxe2 18. Nd4 Qc4 19. Qc7 Nxd4 20. Qxc4 Bxc4
21. cxd4 Bxa2 22. Rd2 Rc8+ 23. Kd1 Bb3+ 0-1

[Event "Challenge"]
[Site "http://www.queenalice.com/game.php?id=1220917"]
[Date "2013.9.29"]
[Round "-"]
[White "robsonsouza"]
[Black "scoutoujours"]
[Result "0-1"]
[WhiteElo "1679"]
[BlackElo "1739"]

1. e4 e6 2. e5 d5 3. d4 c5 4. c3 Nc6 5. Bb5 Bd7 6. Bxc6 Bxc6 7. Nf3 Qb6 8. O-O
cxd4 9. Nxd4 Ne7 10. Be3 Qxb2 11. Nd2 Qxc3 12. Rc1 Qa5 13. Ra1 Ng6 14. Nxc6 bxc6
15. Nb3 Qc7 16. Nd4 Nxe5 17. Bf4 Bd6 18. Bxe5 Bxe5 19. Rb1 Bxd4 20. Qxd4 O-O 21.
Rb3 c5 22. Qe3 d4 23. Qe4 Rab8 24. Rh3 g6 25. Qh4 f6 26. Rc1 Rf7 27. Re1 e5 28.
g3 Qa5 29. Ra1 Qc3 30. Re1 Qxe1+ 31. Kg2 Rb1 32. g4 Qh1+ 33. Kg3 Rg1# 0-1

[Event "Challenge"]
[Site "http://www.queenalice.com/game.php?id=1223973"]
[Date "2013.10.12"]
[Round "-"]
[White "scoutoujours"]
[Black "Mugo"]
[Result "0-1"]
[WhiteElo "1763"]
[BlackElo "1680"]

1. e4 c5 2. Nc3 Nc6 3. Nf3 g6 4. d4 cxd4 5. Nxd4 Bg7 6. Nxc6 bxc6 7. Bd2 d6 8.
Bc4 Nf6 9. O-O Nxe4 10. Bxf7+ Kxf7 11. Qf3+ Bf5 12. Nxe4 Bxb2 13. Rab1 Bf6 14.
Ng5+ Bxg5 15. Bxg5 h6 16. Bh4 Qa5 17. Bxe7 Kxe7 18. Rb7+ Kd8 19. Qxc6 Qc5 20.
Qxc5 dxc5 21. Rd1+ Kc8 22. Rg7 Re8 23. h3 Rb8 24. Rd6 Rb1+ 25. Kh2 Kb8 26. Rc6
Rb7 27. Rxb7+ Kxb7 28. Rxc5 Rc8 29. Rxc8 Kxc8 30. c3 Be6 31. a3 Kc7 32. Kg3 Kc6
33. Kf3 Bd5+ 34. Kg3 Kc5 35. f4 Kc4 36. h4 h5 37. a4 a5 38. f5 gxf5 39. Kf4 Bxg2
40. Kxf5 Kxc3 41. Kg5 Bf3 42. Kf4 Bd1 0-1

[Event "GastonLagaffe"]
[Site "http://www.queenalice.com/game.php?id=1223975"]
[Date "2013.10.12"]
[Round "2"]
[White "scoutoujours"]
[Black "GastonLagaffe"]
[Result "1-0"]
[WhiteElo "1763"]
[BlackElo "1640"]

1. e4 d5 2. exd5 Qxd5 3. Nc3 Qe6+ 4. Qe2 Qxe2+ 5. Bxe2 c6 6. Nf3 Bf5 7. d3 Nd7
8. Bf4 e5 9. Nxe5 Nxe5 10. Bxe5 O-O-O 11. O-O Re8 12. Bg3 Nf6 13. Bf3 g6 14.
Rfe1 Rxe1+ 15. Rxe1 Bb4 16. a3 Bxc3 17. bxc3 Re8 18. Rxe8+ Nxe8 19. h3 a5 20.
Bf4 c5 21. g4 Bd7 22. Bd5 f6 23. Be3 Nc7 24. Bg8 h5 25. Bxc5 hxg4 26. hxg4 Bxg4
27. c4 b5 28. cxb5 Nxb5 29. c4 Nc3 30. d4 Ne2+ 31. Kg2 g5 32. f3 Bf5 33. Kf2 Nf4
34. Be7 Nh5 35. d5 Bd3 36. c5 Bc4 37. Be6+ Kb7 38. c6+ Kc7 39. d6+ Kxc6 40. d7
Bxe6 41. d8=Q Ng7 42. Bxf6 Nf5 43. Qxa5 Nd6 44. Bxg5 Nc4 45. Qa6+ Kd5 46. a4 Ke5
47. f4+ Kf5 48. Qb5+ Kg4 49. a5 Nd2 50. Qe2+ 1-0

[Event "Challenge"]
[Site "http://www.queenalice.com/game.php?id=1225675"]
[Date "2013.10.18"]
[Round "-"]
[White "scoutoujours"]
[Black "Vladimir"]
[Result "0-1"]
[WhiteElo "1781"]
[BlackElo "1881"]

1. e4 e5 2. Nf3 Nc6 3. Bb5 d6 4. O-O Nf6 5. Nc3 a6 6. Ba4 b5 7. Bb3 Bg4 8. d3 h6
9. h3 Bxf3 10. Qxf3 Nd4 11. Qe3 a5 12. a4 b4 13. Ne2 Nxb3 14. cxb3 c5 15. Ng3 g6
16. f4 h5 17. f5 Bh6 18. Qf3 h4 19. Bxh6 Rxh6 20. fxg6 Rxg6 21. Nf5 Kd7 22. Nxh4
Rh6 23. Nf5 Rg6 24. Rf2 Qg8 25. h4 Ng4 26. Re2 Rf6 27. g3 Qg6 28. Rg2 Rg8 29.
Rf1 Ke6 30. h5 Qg5 31. h6 Nxh6 32. Ng7+ Rxg7 33. Qxf6+ Qxf6 34. Rxf6+ Kxf6 35.
Kf2 Kg5 36. Kf3 f5 37. exf5 Nxf5 38. g4 Nd4+ 0-1

[Event "Let's Play Chess!"]
[Site "http://www.queenalice.com/game.php?id=1387144"]
[Date "2015.10.3"]
[Round "-"]
[White "charles31"]
[Black "scoutoujours"]
[Result "1-0"]
[WhiteElo "1697"]
[BlackElo "1738"]

1. Nc3 e5 2. e4 Nf6 3. Bc4 Nc6 4. a3 Bc5 5. h3 O-O 6. Nf3 Ne7 7. d3 d6 8. Qe2
Ng6 9. Bg5 Nf4 10. Bxf4 exf4 11. g4 1-0